000 01033cas a22003137ar4500
005 20220329142010.0
008 981210d19921998fr br pernn 0 1b1eng d
010 _a76842
011 _a77814
022 0 _a1164-5571
035 _a87519
245 0 0 _aFundamental and Applied Nematology
260 0 _aMontpellier, France :
_bElsevier,
_c1992-1998
300 _av. :
_bilus.
310 _aBimestral
362 1 _av.21 n.5 1998
590 _aBATCH-UPD
_b10
_c20130110
_lUCH01
_h0708
590 _aBATCH-UPD
_b10
_c20130410
_lUCH01
_h0354
590 _aBATCH-UPD
_b10
_c20130914
_lUCH01
_h1838
590 _aCONVERSION
_b10
_c20130109
_lUCH01
_h1342
650 1 4 _aNemátodos parásitos de plantas
_xPublicaciones periódicas.
_980838
650 1 4 _aNemátodos parásitos
_xPublicaciones periódicas.
_980827
780 _tRevue de Nematologie
785 _tNematology a partir de 1999
866 _av.16 n.1-v.20 n.4 (1993-1997)
866 _av.20 n.6-v.21 n.6 (1997-1998)
901 _aSE
999 _c76842
_d76842